Былички и бывальщины; Старозаветные рассказы, записанные в Прикамье

Бібліографічні деталі
Інші автори: Шумов К. (составитель)
Мова:Російська
Опубліковано: Пермь, Пермское книжное изд-во, 1991
Предмети:
Формат: Книга
KOHA link:https://koha.lib.tpu.ru/cgi-bin/koha/opac-detail.pl?biblionumber=38918

MARC

LEADER 00000nam0a2200000 4500
001 38918
005 20231101210528.0
010 |a 5762501175 
035 |a (RuTPU)RU\TPU\book\39750 
090 |a 38918 
100 |a 20020320d1991 m y0rusy50 ca 
101 0 |a rus 
102 |a RU 
105 |a a z 001ay 
200 1 |a Былички и бывальщины  |a Старозаветные рассказы, записанные в Прикамье  |f сост.: К. Шумов 
210 |a Пермь  |c Пермское книжное изд-во  |d 1991 
215 |a 410 с.  |c ил. 
320 |a Указ. персонажей: с. 391-396 
320 |a Указ. исполнителей: с. 396-408 
606 |a Сказки  |2 stltpush  |3 (RuTPU)RU\TPU\subj\77522  |9 87740 
610 1 |a былички 
610 1 |a бывальщины 
610 1 |a рассказы 
610 1 |a Прикамье 
610 1 |a миниатюрные издания 
675 |a 811  |v 3 
702 1 |a Шумов  |b К.  |4 220 
801 1 |a RU  |b 63413507  |c 20020320  |g PSBO 
801 2 |a RU  |b 63413507  |c 20180629  |g RCR 
942 |c BK